MARC

LEADER 00000nam0a2200000 4500
001 120747
005 20231101215630.0
035 |a (RuTPU)RU\TPU\book\130751 
090 |a 120747 
100 |a 20070904d1973 m y0rusy50 ca 
101 0 |a rus 
102 |a LV 
105 |a a j 001zy 
200 1 |a Тексты для химиков  |f С. К. Берзиня  |d Readings in Chemistry 
210 |a Рига  |c Звайгзне  |d 1973 
215 |a 152 с.  |c ил. 
320 |9 572  |a Библиогр.: с. 150 
510 1 |a Readings in Chemistry  |z eng 
606 1 |a Английский язык  |x Учебные руководства и пособия  |x Книги для чтения по различным специальностям. Технические хрестоматии  |2 stltpush  |3 (RuTPU)RU\TPU\subj\29076  |9 52488 
610 1 |a химия 
610 1 |a химические науки 
610 1 |a научно-популярная литература 
610 1 |a тексты 
610 1 |a чтение 
686 |a Ш143.21-923.81  |2 rubbk 
700 1 |a Берзиня  |b С. К. 
801 1 |a RU  |b 63413507  |c 20070601  |g PSBO 
801 2 |a RU  |b 63413507  |c 20201117  |g PSBO 
942 |c BK